000 00496nam a2200193 a 4500
001 1763019237978
003 YourLibrary
005 20251114111525.0
008 251113s2002##################000#0#eng##
020 _a9780520217881
082 0 4 _a895.630108ROG
100 1 _aRogers, Lawrence,
_eauthor.
245 1 0 _aTokyo Stories :
260 _bUniv of California Press,
_c2002.
300 _a324 pages
650 0 _aEducation.
942 _cENGLISH
040 _aYourLibrary
_beng
_cYourLibrary
999 _c597477
_d597477